[Event "European Individual Championships (Women)"]
[Site "Rijeka CRO"]
[Date "2010.03.08"]
[EventDate "2010.03.06"]
[Round "3"]
[Result "1-0"]
[White "Anna Ushenina"]
[Black "Iosefina Paulet"]
[WhiteElo "2452"]
[BlackElo "2303"]
[PlyCount "69"]

1. d4 Nf6 2. Nf3 e6 3. g3 b6 4. Bg2 Bb7 5. c4 Bb4+ 6. Bd2 a5
7. O-O O-O 8. Bf4 Be7 9. Nc3 d5 10. cxd5 exd5 11. Rc1 Na6
12. Ne5 Rc8 13. Bh3 Ra8 14. Qa4 Ra7 15. Nb5 Ra8 16. Nc6 Bxc6
17. Rxc6 Ne8 18. Rfc1 Bg5 19. Bxg5 Qxg5 20. a3 Nb8 21. R6c2 c6
22. Nc3 b5 23. Qb3 a4 24. Qb4 Qh6 25. Bg2 Nd6 26. Qc5 Nc4
27. Nxd5 cxd5 28. Bxd5 Ra6 29. Qxb5 Nd6 30. Qb4 Qf6 31. e4 Qd8
32. Rc7 h5 33. e5 Ne8 34. Qxf8+ Kh7 35. Be4+ 1-0

[Event "European Individual Championships (Women)"]
[Site "Rijeka CRO"]
[Date "2010.03.09"]
[EventDate "2010.03.06"]
[Round "4"]
[Result "1/2-1/2"]
[White "Elena Luminita Radu Cosma"]
[Black "Anna Ushenina"]
[WhiteElo "2346"]
[BlackElo "2452"]
[PlyCount "72"]

1. d4 Nf6 2. Nf3 g6 3. g3 Bg7 4. Bg2 d5 5. O-O c6 6. b3 O-O
7. c4 a5 8. Nc3 Ne4 9. Bb2 Bf5 10. e3 Nxc3 11. Bxc3 Be4
12. Qe2 e6 13. Rfc1 Nd7 14. Bf1 Bxf3 15. Qxf3 f5 16. Qd1 g5
17. cxd5 exd5 18. b4 axb4 19. Bxb4 Rf7 20. Bd3 Nf8 21. a4 Qf6
22. a5 f4 23. Qd2 Ne6 24. Rab1 Qh6 25. Be2 Qh3 26. Bf1 Qh6
27. Bg2 fxe3 28. fxe3 g4 29. Rf1 Bf6 30. Kh1 Qg6 31. Rbe1 Ng5
32. Rf4 Ne6 33. Rf2 Ng5 34. Rf4 Ne6 35. Rf2 Ng5 36. Rf4 Ne6
1/2-1/2

[Event "European Individual Championships (Women)"]
[Site "Rijeka CRO"]
[Date "2010.03.11"]
[EventDate "2010.03.06"]
[Round "6"]
[Result "0-1"]
[White "Anna Ushenina"]
[Black "Lilit Galojan"]
[WhiteElo "2452"]
[BlackElo "2380"]
[PlyCount "82"]

1. d4 Nf6 2. c4 e6 3. g3 c5 4. d5 exd5 5. cxd5 b5 6. a4 b4
7. Bg2 d6 8. Nd2 Ba6 9. b3 g6 10. Bb2 Bg7 11. Rc1 O-O 12. Nc4
Re8 13. e3 Qe7 14. Ne2 Nbd7 15. O-O Bxc4 16. Rxc4 a5 17. Re1
Nb6 18. Rc1 Nfd7 19. Bxg7 Kxg7 20. e4 Qf6 21. f4 Rac8 22. g4
h6 23. Rf1 c4 24. Nd4 Nc5 25. bxc4 Nxe4 26. Ne6+ fxe6 27. Bxe4
Nxc4 28. Qd3 exd5 29. Qxd5 Rc5 30. Qb7+ Re7 31. Qa8 Qd4+
32. Rf2 Qxe4 33. Qd8 Ne3 34. Re1 Rec7 35. Qxd6 Rc1 36. Qd2
Rxe1+ 37. Qxe1 Rc3 38. Rd2 Qc6 39. Qh4 Rc1+ 40. Kf2 Rf1+
41. Kxe3 Rf3+ 0-1

[Event "European Individual Championships (Women)"]
[Site "Rijeka CRO"]
[Date "2010.03.12"]
[EventDate "2010.03.06"]
[Round "7"]
[Result "1/2-1/2"]
[White "Tatjana Molchanova"]
[Black "Anna Ushenina"]
[WhiteElo "2369"]
[BlackElo "2452"]
[PlyCount "93"]

1. c4 Nf6 2. Nf3 e6 3. g3 b6 4. Bg2 Bb7 5. O-O Be7 6. d4 O-O
7. Nc3 Na6 8. a3 c6 9. e4 d5 10. Ne5 Nc7 11. Re1 Qc8 12. Bg5
h6 13. Bxf6 Bxf6 14. Ng4 Bg5 15. h4 Bd8 16. exd5 cxd5 17. cxd5
exd5 18. Ne3 Qd7 19. Qb3 Bf6 20. Rad1 Rad8 21. Bf3 Rfe8
22. Kg2 Be7 23. Ng4 Bf8 24. Ne5 Qd6 25. Nb5 Nxb5 26. Qxb5 a6
27. Qd3 Re7 28. Re3 Rc7 29. Rde1 b5 30. Bd1 Rdc8 31. Bg4 Rd8
32. Nxf7 Rxf7 33. Be6 Bc8 34. Bxf7+ Kxf7 35. Qh7 Bg4 36. f3
Bd7 37. h5 Qf6 38. Re5 Bd6 39. Rxd5 Bc8 40. Re4 Bc7 41. Qg6+
Qxg6 42. hxg6+ Kf8 43. Rf4+ Ke8 44. Re4+ Kf8 45. Rf4+ Ke8
46. Re4+ Kf8 47. Rf4+ 1/2-1/2

[Event "European Individual Championships (Women)"]
[Site "Rijeka CRO"]
[Date "2010.03.14"]
[EventDate "2010.03.06"]
[Round "8"]
[Result "0-1"]
[White "Vera Nebolsina"]
[Black "Anna Ushenina"]
[WhiteElo "2310"]
[BlackElo "2452"]
[PlyCount "140"]

1. d4 d5 2. Nf3 Nf6 3. c4 c6 4. cxd5 cxd5 5. Nc3 Nc6 6. Bf4 e6
7. e3 Be7 8. h3 O-O 9. Bd3 Bd7 10. O-O Qa5 11. Ne5 Rfc8
12. Bg5 Be8 13. f4 g6 14. Qe1 Bd8 15. f5 Nxe5 16. dxe5 Nd7
17. Bxd8 Qxd8 18. fxe6 fxe6 19. Qg3 Qc7 20. Be2 Nxe5 21. Rf4
Bd7 22. Raf1 Rf8 23. h4 Rxf4 24. Qxf4 Qd6 25. Qd4 Nc6 26. Qg4
Rf8 27. Rxf8+ Kxf8 28. h5 Kg7 29. hxg6 hxg6 30. Bd3 Be8
31. Ne2 Qe5 32. Nf4 Qxe3+ 33. Kh2 Ne5 34. Qg5 Kg8 35. Bc2 Bf7
36. Qd8+ Kg7 37. Qg5 Kg8 38. Qd8+ Kh7 39. Qh4+ Kg8 40. Qd8+
Kg7 41. Qg5 d4 42. Nh5+ Kh7 43. Nf6+ Kh8 44. Qxe3 dxe3 45. Kg3
b6 46. Ne4 Be8 47. Nc3 g5 48. Bd1 Bc6 49. Be2 Kg7 50. Nd1 Kf6
51. Nxe3 Be4 52. Nd1 Nc6 53. Nc3 Bd5 54. Bf1 Nd4 55. Kg4 Nf5
56. Nxd5+ exd5 57. Kf3 Ke5 58. Bd3 Nh4+ 59. Kf2 Nf5 60. g3 Nd6
61. Kf3 Kd4 62. Bh7 Ne4 63. Bg6 Nf6 64. Bf5 b5 65. Ke2 a5
66. g4 Ne4 67. Bd7 b4 68. Kd1 Ke3 69. Kc2 d4 70. Bb5 Nc5 0-1

[Event "European Individual Championships (Women)"]
[Site "Rijeka CRO"]
[Date "2010.03.15"]
[EventDate "2010.03.06"]
[Round "9"]
[Result "1-0"]
[White "Anna Ushenina"]
[Black "Nadezhda Kosintseva"]
[WhiteElo "2452"]
[BlackElo "2554"]
[PlyCount "121"]

1. d4 f5 2. g3 Nf6 3. Bg2 g6 4. Nf3 Bg7 5. O-O O-O 6. c4 d6
7. Nc3 c6 8. Rb1 a5 9. d5 e5 10. dxe6 Bxe6 11. b3 Na6 12. Bb2
Qe7 13. Nd4 Bf7 14. Re1 Nc5 15. Qc2 Rfe8 16. Rbd1 Rad8 17. Ba3
Qc7 18. e3 Qe7 19. Re2 Bf8 20. Red2 Qc7 21. Bb2 Bg7 22. Nde2
Qe7 23. Ba3 Ng4 24. Nd4 Qc7 25. Re2 Nf6 26. Qc1 Nfe4 27. Nxe4
fxe4 28. Red2 Nd3 29. Qc2 d5 30. cxd5 Bxd5 31. Ne2 Qe5 32. Nf4
Nxf4 33. exf4 Qf5 34. Bc5 b5 35. Bb6 Ra8 36. Bd4 a4 37. Bxg7
Kxg7 38. Re2 axb3 39. axb3 Re6 40. Rde1 Rae8 41. Re3 R8e7
42. Qc3+ Qf6 43. Qxf6+ Kxf6 44. Bh3 Rd6 45. f3 Bf7 46. fxe4
Rd2 47. e5+ Kg7 48. Bg2 Bd5 49. R1e2 Rd1+ 50. Kf2 h5 51. Rc2
Rd7 52. Bxd5 cxd5 53. Ke2 Rb1 54. Rd3 h4 55. Kf3 Rf1+ 56. Kg4
hxg3 57. hxg3 Kh6 58. Rc5 d4 59. Rxb5 Ra7 60. Rxd4 Ra2 61. Rb7
1-0

[Event "European Individual Championships (Women)"]
[Site "Rijeka CRO"]
[Date "2010.03.16"]
[EventDate "2010.03.06"]
[Round "10"]
[Result "1/2-1/2"]
[White "Anna Ushenina"]
[Black "Tatiana Kosintseva"]
[WhiteElo "2452"]
[BlackElo "2524"]
[PlyCount "43"]

1. d4 Nf6 2. c4 e6 3. Nf3 d5 4. g3 dxc4 5. Bg2 Bb4+ 6. Bd2 a5
7. Qc2 Bxd2+ 8. Qxd2 c6 9. a4 b5 10. axb5 cxb5 11. Qg5 O-O
12. Qxb5 Ba6 13. Qa4 Qb6 14. O-O Qxb2 15. Nbd2 Bb5 16. Nxc4
Bxa4 17. Nxb2 Bb5 18. Ne5 Ra7 19. Nbd3 Nbd7 20. Rfb1 Nxe5
21. Rxb5 Nxd3 22. exd3 1/2-1/2

[Event "European Individual Championships (Women)"]
[Site "Rijeka CRO"]
[Date "2010.03.17"]
[EventDate "2010.03.06"]
[Round "11"]
[Result "1/2-1/2"]
[White "Anna Muzychuk"]
[Black "Anna Ushenina"]
[WhiteElo "2533"]
[BlackElo "2452"]
[PlyCount "69"]

1. e4 c5 2. Nf3 Nc6 3. d4 cxd4 4. Nxd4 Nf6 5. Nc3 e5 6. Nf5 d5
7. exd5 Bxf5 8. dxc6 bxc6 9. Qf3 Qd7 10. Bg5 e4 11. Qd1 Bd6
12. Qd4 Qe7 13. Bxf6 Qxf6 14. Qxf6 gxf6 15. O-O-O Bf4+ 16. Kb1
Be5 17. Bc4 Rb8 18. Bb3 Rg8 19. g3 Bg4 20. Nxe4 Bxd1 21. Rxd1
Ke7 22. Re1 Rgd8 23. c3 h6 24. Kc2 f5 25. f4 Bc7 26. Nc5+ Kf6
27. Na6 Rbc8 28. Bc4 Bb6 29. Nb4 Ba5 30. Nd3 Bc7 31. Ba6 Rb8
32. Ne5 Bxe5 33. Rxe5 Rd5 34. Re2 Rbd8 35. Bc4 1/2-1/2

[Event "Chess Olympiad (Women)"]
[Site "Khanty-Mansiysk RUS"]
[Date "2010.09.29"]
[EventDate "2010.09.21"]
[Round "8"]
[Result "0-1"]
[White "Elena Levushkina"]
[Black "Anna Ushenina"]
[WhiteElo "2346"]
[BlackElo "2466"]
[PlyCount "134"]

1. e4 c5 2. c3 d5 3. exd5 Qxd5 4. d4 Nf6 5. Nf3 e6 6. Na3 a6
7. Nc4 Nbd7 8. a4 cxd4 9. Nxd4 Be7 10. Ne3 Qc5 11. Be2 O-O
12. O-O Qc7 13. a5 Rd8 14. Qb3 Nc5 15. Qc2 g6 16. Nf3 Bd7
17. b3 Bc6 18. Ba3 Be4 19. Qa2 Bf8 20. Rad1 Bg7 21. c4 Nd3
22. Ng5 Nf4 23. b4 Qe5 24. Nxe4 Nxe4 25. Bf3 Nd3 26. Bxe4 Qxe4
27. Qc2 Rd4 28. h3 h5 29. Rb1 Bh6 30. Bc1 Nxc1 31. Rbxc1 Bxe3
32. Qxe4 Rxe4 33. fxe3 Rc8 34. Rf4 Rxe3 35. Rd1 Rc7 36. Rd8+
Kg7 37. b5 axb5 38. cxb5 Ra3 39. Ra8 Rc1+ 40. Kh2 Rb3 41. b6
g5 42. Rf3 Rbb1 43. Kg3 Rc2 44. h4 gxh4+ 45. Kxh4 Rxg2
46. Rg3+ Rxg3 47. Kxg3 Kf6 48. Kh4 Rb5 49. Ra7 Kg6 50. Kg3 f6
51. Kh4 Kh6 52. Ra8 Rb4+ 53. Kg3 Kg5 54. Rg8+ Kf5 55. Rh8 Rb3+
56. Kh4 e5 57. Rb8 Rb5 58. Ra8 e4 59. Ra7 Kf4 60. Kh3 f5
61. Rxb7 Rxa5 62. Re7 Rb5 63. b7 Rb2 64. Rf7 e3 65. Re7 Kf3
66. Kh4 f4 67. Kxh5 e2 0-1

[Event "Chess Olympiad (Women)"]
[Site "Khanty-Mansiysk RUS"]
[Date "2010.10.03"]
[EventDate "2010.09.21"]
[Round "11"]
[Result "1-0"]
[White "Zhao Xue"]
[Black "Anna Ushenina"]
[WhiteElo "2469"]
[BlackElo "2466"]
[PlyCount "135"]

1. d4 Nf6 2. c4 g6 3. Nc3 d5 4. Bg5 Ne4 5. Bh4 Nxc3 6. bxc3 c5
7. e3 Nc6 8. Nf3 Bg7 9. Be2 dxc4 10. Bxc4 O-O 11. O-O Qc7
12. Bg3 Qd8 13. Rc1 b6 14. dxc5 bxc5 15. Qd5 Qxd5 16. Bxd5 Bd7
17. Rfd1 Rfd8 18. Nd2 Be8 19. Nb3 c4 20. Nc5 e6 21. Bxc4 Rxd1+
22. Rxd1 Bxc3 23. Ne4 Bg7 24. Nd6 Ne5 25. Bb3 a5 26. Nxe8 Rxe8
27. h3 g5 28. Rd6 Ra8 29. f4 gxf4 30. exf4 Ng6 31. f5 exf5
32. Rd7 Kh8 33. Rxf7 f4 34. Bxf4 Nxf4 35. Rxf4 Rf8 36. Re4 Bc3
37. g3 Bb4 38. h4 Kg7 39. Kg2 Rd8 40. Rg4+ Kf6 41. Rf4+ Kg7
42. Rf7+ Kg6 43. Rc7 h6 44. Kh3 Kf6 45. Kg4 Bd2 46. Kh5 Rd3
47. Rf7+ Ke5 48. Rf2 Bc1 49. g4 Kd6 50. Rf5 Bd2 51. Kg6 Ke7
52. g5 hxg5 53. hxg5 Bc3 54. Rf7+ Ke8 55. Ra7 Rg3 56. Ba4+ Kd8
57. Rd7+ Kc8 58. Rd5 Kb7 59. Kf7 Rf3+ 60. Kg8 Rg3 61. Be8 a4
62. g6 a3 63. Rb5+ Kc7 64. Rb3 Rh3 65. g7 Kd8 66. Rxc3 Rxc3
67. Kf8 Rg3 68. Bf7 1-0

[Event "Chigorin Mem Classic Open"]
[Site "St Petersburg RUS"]
[Date "2010.10.28"]
[EventDate "2010.10.28"]
[Round "1"]
[Result "1-0"]
[White "Anna Ushenina"]
[Black "Vjacheslav Ryzhkov"]
[WhiteElo "2466"]
[BlackElo "2104"]
[PlyCount "45"]

1. d4 f5 2. c4 Nf6 3. Nc3 g6 4. h4 Bg7 5. h5 d5 6. hxg6 hxg6
7. Rxh8+ Bxh8 8. Nf3 Nc6 9. Qd2 Bg7 10. Qg5 Kf7 11. Nh4 Nxd4
12. Qxg6+ Kf8 13. Bh6 Bxh6 14. Qxh6+ Kf7 15. O-O-O Nc6 16. Nf3
Qg8 17. cxd5 Nb4 18. a3 Na6 19. Ne5+ Ke8 20. e3 Bd7 21. Bc4
Qxg2 22. d6 cxd6 23. Qh8+ 1-0

[Event "Chigorin Mem Classic Open"]
[Site "St Petersburg RUS"]
[Date "2010.10.29"]
[EventDate "2010.10.28"]
[Round "2"]
[Result "0-1"]
[White "Aleksandr Pavlov"]
[Black "Anna Ushenina"]
[WhiteElo "2269"]
[BlackElo "2466"]
[PlyCount "78"]

1. d4 Nf6 2. c4 g6 3. Nc3 d5 4. Bf4 Bg7 5. e3 c5 6. dxc5 Qa5
7. Rc1 Ne4 8. cxd5 Nxc3 9. Qd2 Qxa2 10. bxc3 Qa5 11. e4 Qxc5
12. Nf3 Nd7 13. c4 b6 14. Bd3 O-O 15. O-O e5 16. dxe6 fxe6
17. Bb1 Qh5 18. h3 Nc5 19. Ng5 h6 20. Nf3 Nb3 21. Qe3 Nxc1
22. Rxc1 e5 23. Bg3 Bxh3 24. c5 Bg4 25. Ba2+ Kh7 26. Nh2 bxc5
27. Rxc5 Rfd8 28. f3 Bd7 29. Bd5 Rab8 30. Rc1 a5 31. Be1 a4
32. Ba5 Rdc8 33. Bc7 Rb4 34. Bd6 Qg5 35. Qxg5 hxg5 36. Rd1 Rb6
37. Bf7 Be8 38. Bxe8 Rxe8 39. Bc5 Rb5 0-1

[Event "Chigorin Mem Classic Open"]
[Site "St Petersburg RUS"]
[Date "2010.10.30"]
[EventDate "2010.10.28"]
[Round "3"]
[Result "0-1"]
[White "Anna Ushenina"]
[Black "Sergey Volkov"]
[WhiteElo "2466"]
[BlackElo "2595"]
[PlyCount "76"]

1. d4 d5 2. c4 c6 3. Nf3 Nf6 4. Nc3 a6 5. a4 e6 6. g3 dxc4
7. Bg2 c5 8. dxc5 Qxd1+ 9. Nxd1 Bxc5 10. Ne5 Ke7 11. O-O Nd5
12. Nxc4 Bd7 13. Nde3 Bc6 14. Nxd5+ Bxd5 15. Be3 Bxe3 16. Bxd5
exd5 17. Nxe3 Rd8 18. Rfd1 Ke6 19. Rac1 Nc6 20. Rc5 Ne7
21. Rc7 Rab8 22. Ng2 g5 23. Rc3 b5 24. Re3+ Kf6 25. Rf3+ Kg6
26. Ra3 a5 27. axb5 Rxb5 28. Rd2 Nc6 29. Ne3 Ne5 30. f4 Nc6
31. Nc2 d4 32. Ne1 Rdb8 33. Rc2 Ne7 34. Kg2 f6 35. Ra4 Rd8
36. Ra2 Rbd5 37. Ra3 h5 38. Nd3 Kf5 0-1

[Event "Chigorin Mem Classic Open"]
[Site "St Petersburg RUS"]
[Date "2010.10.31"]
[EventDate "2010.10.28"]
[Round "4"]
[Result "1/2-1/2"]
[White "Djakhangir Agaragimov"]
[Black "Anna Ushenina"]
[WhiteElo "2333"]
[BlackElo "2466"]
[PlyCount "103"]

1. d4 Nf6 2. Nf3 g6 3. Nbd2 Bg7 4. e4 O-O 5. Bd3 Nh5 6. Nb3 d6
7. O-O e5 8. Bg5 Qe8 9. dxe5 dxe5 10. Qd2 b6 11. Rfe1 Be6
12. h3 c5 13. Qe2 h6 14. Bd2 Nc6 15. c3 Qe7 16. Rad1 Qf6
17. Bc1 Rab8 18. Bb5 Nd8 19. Nh2 Nf4 20. Bxf4 exf4 21. Nd2 Qe7
22. Nc4 Qc7 23. e5 Nc6 24. Nf3 Ne7 25. a4 Rfd8 26. Rxd8+ Rxd8
27. Nd6 Nc6 28. Kh1 Bd5 29. Bc4 Bxf3 30. Qxf3 Nxe5 31. Rxe5
Rxd6 32. Re8+ Kh7 33. h4 Qd7 34. Bb5 Qf5 35. Re4 Be5 36. Bd3
h5 37. Qe2 Re6 38. Bc4 Re7 39. Bxf7 Qf6 40. Kg1 Rxf7 41. Rxe5
Qxh4 42. Qe4 Rd7 43. Rd5 Rxd5 44. Qxd5 Qe7 45. Kf1 Kh6 46. Qa8
Qd6 47. Kg1 a5 48. Qh8+ Kg5 49. Qe8 Qf6 50. f3 Kh6 51. Qb8 g5
52. Qg8 1/2-1/2

[Event "Chigorin Mem Classic Open"]
[Site "St Petersburg RUS"]
[Date "2010.11.01"]
[EventDate "2010.10.28"]
[Round "5"]
[Result "1/2-1/2"]
[White "Anna Ushenina"]
[Black "Ekaterina Akatova"]
[WhiteElo "2466"]
[BlackElo "2260"]
[PlyCount "47"]

1. d4 Nf6 2. Nc3 d5 3. Bg5 e6 4. e4 dxe4 5. Nxe4 Nbd7 6. Nf3
Be7 7. Nxf6+ Nxf6 8. Bd3 O-O 9. Qe2 c5 10. dxc5 Qa5+ 11. c3
Qxc5 12. O-O Rd8 13. Rad1 Bd7 14. Ne5 Be8 15. Rfe1 a5 16. c4
a4 17. Qf3 Rac8 18. Qe2 Nd7 19. Bxe7 Qxe7 20. Qe4 Nf6 21. Qh4
Qb4 22. a3 Qa5 23. h3 h6 24. Qf4 1/2-1/2

[Event "Chigorin Mem Classic Open"]
[Site "St Petersburg RUS"]
[Date "2010.11.03"]
[EventDate "2010.10.28"]
[Round "7"]
[Result "1/2-1/2"]
[White "Anna Ushenina"]
[Black "Yaroslav Zherebukh"]
[WhiteElo "2466"]
[BlackElo "2563"]
[PlyCount "82"]

1. d4 f5 2. c4 Nf6 3. Nc3 d6 4. Nf3 g6 5. g3 Bg7 6. Bg2 O-O
7. O-O Qe8 8. d5 a5 9. Rb1 Bd7 10. Be3 h6 11. c5 Na6 12. cxd6
exd6 13. Bd4 b6 14. e3 Nc5 15. b3 g5 16. a3 Qf7 17. Nd2 Ng4
18. Bxg7 Qxg7 19. Qc2 f4 20. exf4 gxf4 21. b4 axb4 22. axb4
fxg3 23. hxg3 Rxf2 24. Rxf2 Ne3 25. bxc5 Nxc2 26. Nde4 Ne3
27. Nf6+ Kh8 28. cxb6 cxb6 29. Nce4 Bf5 30. Re1 Nxg2 31. Kxg2
Bg6 32. Nxd6 Rb8 33. Re6 Rf8 34. Nc4 b5 35. Ne5 b4 36. Rf4 b3
37. Rb6 b2 38. Rxb2 Rxf6 39. Rb8+ Kh7 40. Rxf6 Be4+ 41. Kh3
Qxf6 1/2-1/2

[Event "Chigorin Mem Classic Open"]
[Site "St Petersburg RUS"]
[Date "2010.11.04"]
[EventDate "2010.10.28"]
[Round "8"]
[Result "1-0"]
[White "Pavel Maletin"]
[Black "Anna Ushenina"]
[WhiteElo "2621"]
[BlackElo "2466"]
[PlyCount "59"]

1. d4 Nf6 2. c4 g6 3. Nc3 Bg7 4. e4 O-O 5. f3 d6 6. Be3 c6
7. Qd2 a6 8. O-O-O b5 9. h4 h5 10. Bh6 bxc4 11. g4 Qa5
12. Bxg7 Kxg7 13. Qg5 Qxg5+ 14. hxg5 Nh7 15. gxh5 Nxg5
16. Bxc4 e5 17. dxe5 dxe5 18. Na4 Ra7 19. hxg6 fxg6 20. Nb6
Rc7 21. Rh2 Be6 22. Rg2 Bxc4 23. Nxc4 Nf7 24. Ne2 Rh8 25. f4
Nd7 26. Rdg1 Rh6 27. Ne3 Kh7 28. Nf5 gxf5 29. Rg7+ Kh8
30. Rg8+ 1-0

[Event "Chigorin Mem Classic Open"]
[Site "St Petersburg RUS"]
[Date "2010.11.05"]
[EventDate "2010.10.28"]
[Round "9"]
[Result "1/2-1/2"]
[White "Anna Ushenina"]
[Black "Ruslan Kashtanov"]
[WhiteElo "2466"]
[BlackElo "2351"]
[PlyCount "35"]

1. Nf3 Nf6 2. g3 g6 3. Bg2 Bg7 4. d4 O-O 5. O-O d6 6. Nc3 c6
7. e4 Qc7 8. h3 e5 9. a4 a5 10. Re1 Na6 11. Be3 Re8 12. Qd2
Bd7 13. Rad1 Rad8 14. Kh2 Bc8 15. Bg5 Rd7 16. Qc1 Qb6 17. Be3
Qc7 18. Bg5 1/2-1/2

[Event "Women's World Chess Championship"]
[Site "Antakya TUR"]
[Date "2010.12.06"]
[EventDate "2010.12.04"]
[Round "1.3"]
[Result "0-1"]
[White "Anna Ushenina"]
[Black "Huang Qian"]
[WhiteElo "2460"]
[BlackElo "2402"]
[PlyCount "121"]

1. d4 Nf6 2. g3 g6 3. Bg2 Bg7 4. e4 d6 5. Ne2 O-O 6. Nbc3 e5
7. O-O Nc6 8. dxe5 dxe5 9. Bg5 Qxd1 10. Rfxd1 h6 11. Be3 Bg4
12. h3 Bxe2 13. Nxe2 Rfd8 14. c3 Nd7 15. Nc1 Nb6 16. Rxd8+
Rxd8 17. Bf1 Bf8 18. b3 Nc8 19. Nd3 Nd6 20. f3 Kg7 21. Nc5 b6
22. Na6 Rc8 23. Rd1 Be7 24. h4 Nb8 25. Nb4 c6 26. Nd3 f6
27. a4 Nb7 28. Rb1 Rd8 29. b4 Nd6 30. Nb2 Nd7 31. Nc4 Nb7
32. Ra1 c5 33. b5 Na5 34. Nxa5 bxa5 35. Rd1 Kf7 36. Bc4+ Ke8
37. Bd5 Nb6 38. Bc6+ Kf7 39. Rxd8 Bxd8 40. Bxc5 Nxa4 41. Bd5+
Ke8 42. Bxa7 Bb6+ 43. Bxb6 Nxb6 44. Bg8 Na4 45. Kf2 Nxc3
46. b6 Kd7 47. Ke3 Kc6 48. Kd3 Nb5 49. Bf7 g5 50. Ke3 Kxb6
51. f4 gxf4+ 52. gxf4 Kc5 53. Kd3 Kb4 54. Be6 a4 55. Bg8 Nd4
56. Ba2 Nb3 57. Bb1 Nc5+ 58. Kc2 Nxe4 59. Ba2 Nc5 60. Bd5 Nb3
61. Kb2 0-1

[Event "Turkish Team Championship"]
[Site "Konya TUR"]
[Date "2011.06.28"]
[EventDate "?"]
[Round "1"]
[Result "1/2-1/2"]
[White "Sopio Gvetadze"]
[Black "Anna Ushenina"]
[WhiteElo "2330"]
[BlackElo "2468"]
[PlyCount "76"]

1. e4 c6 2. d4 d5 3. Nc3 dxe4 4. Nxe4 Nd7 5. Nc3 Nb8 6. Ne4
Nd7 7. Nf3 Ngf6 8. Bd3 Nxe4 9. Bxe4 Nf6 10. Bd3 Bg4 11. c3 e6
12. h3 Bh5 13. g4 Bg6 14. Ne5 Bxd3 15. Qxd3 Be7 16. Bd2 Qd5
17. O-O Rd8 18. Qe2 O-O 19. Be3 Nd7 20. c4 Qa5 21. Nd3 Rfe8
22. Rfd1 Bf6 23. b4 Qa4 24. Rab1 b5 25. c5 Qa6 26. Rd2 Qb7
27. Rbd1 Nb8 28. Qf3 Rd5 29. Nf4 Rd7 30. Nh5 Bd8 31. Bf4 Na6
32. a3 Nc7 33. Be5 f6 34. Bxc7 Bxc7 35. Re2 Qc8 36. Kg2 Rd5
37. Rde1 Qd7 38. Re4 h6 1/2-1/2

[Event "Turkish Team Championship"]
[Site "Konya TUR"]
[Date "2011.06.30"]
[EventDate "2011.06.28"]
[Round "3"]
[Result "1/2-1/2"]
[White "Nana Dzagnidze"]
[Black "Anna Ushenina"]
[WhiteElo "2557"]
[BlackElo "2468"]
[PlyCount "53"]

1. d4 d5 2. c4 dxc4 3. Nf3 a6 4. e3 Nf6 5. Bxc4 e6 6. O-O c5
7. Qe2 b5 8. Bb3 Bb7 9. Rd1 Nbd7 10. e4 cxd4 11. Nxd4 Qb8
12. Bc2 Bd6 13. h3 O-O 14. Nd2 Qc7 15. N2b3 Bh2+ 16. Kh1 Bf4
17. a4 Bxc1 18. Rdxc1 bxa4 19. Rxa4 e5 20. Nf5 g6 21. Ne3 Rfc8
22. Rca1 Rab8 23. Na5 Nc5 24. Rc4 Qb6 25. Nxb7 Qxb7 26. b4 Ne6
27. Rxc8+ 1/2-1/2

[Event "Turkish Team Championship"]
[Site "Konya TUR"]
[Date "2011.07.01"]
[EventDate "2011.06.28"]
[Round "4"]
[Result "1-0"]
[White "Anna Ushenina"]
[Black "Masha Klinova"]
[WhiteElo "2468"]
[BlackElo "2315"]
[PlyCount "57"]

1. d4 d6 2. Nf3 Nf6 3. c4 g6 4. Nc3 Bg7 5. Bg5 O-O 6. e3 b6
7. Be2 Bb7 8. Qc2 c5 9. d5 Nbd7 10. Nd2 a6 11. a4 e6 12. e4 h6
13. Bh4 Qe7 14. O-O e5 15. a5 Rfb8 16. axb6 Bc8 17. Nb3 Nxb6
18. Na5 Qe8 19. Rfb1 Bd7 20. f3 Qc8 21. Bf2 Qc7 22. b4 cxb4
23. Rxb4 Be8 24. Qa2 Nbd7 25. Rxb8 Rxb8 26. Nc6 Ra8 27. Nb5
axb5 28. Qxa8 Nb6 29. Qa5 1-0

[Event "Turkish Team Championship"]
[Site "Konya TUR"]
[Date "2011.07.02"]
[EventDate "2011.06.28"]
[Round "5"]
[Result "1/2-1/2"]
[White "Sopiko Guramishvili"]
[Black "Anna Ushenina"]
[WhiteElo "2299"]
[BlackElo "2468"]
[PlyCount "64"]

1. c4 e5 2. Nc3 Nf6 3. g3 Bb4 4. Bg2 Bxc3 5. bxc3 O-O 6. d3 h6
7. e4 Re8 8. Ne2 c6 9. O-O d5 10. cxd5 cxd5 11. exd5 Nxd5
12. Qb3 Nb6 13. c4 Nc6 14. Be3 Bg4 15. Rfe1 Re7 16. a4 Nc8
17. Rab1 Rd7 18. Nc3 N8e7 19. Nd5 Be6 20. Nxe7+ Qxe7 21. Be4
Qf6 22. Qa3 Bf5 23. Bd5 Be6 24. Be4 Bf5 25. Bd5 Bg4 26. Be4
Bf3 27. a5 Bxe4 28. dxe4 Nd4 29. Bxd4 exd4 30. Qd3 Rc8 31. Rb5
Qa6 32. Reb1 Rcc7 1/2-1/2

[Event "Turkish Team Championship"]
[Site "Konya TUR"]
[Date "2011.07.05"]
[EventDate "2011.06.28"]
[Round "9"]
[Result "1/2-1/2"]
[White "Anna Ushenina"]
[Black "Bela Khotenashvili"]
[WhiteElo "2468"]
[BlackElo "2470"]
[PlyCount "25"]

1. Nf3 d5 2. d4 Nf6 3. c4 e6 4. Nc3 Bb4 5. cxd5 exd5 6. Qa4+
Nc6 7. Bg5 h6 8. Bxf6 Qxf6 9. e3 O-O 10. Be2 Be6 11. O-O a6
12. a3 Bd6 13. Rfc1 1/2-1/2

[Event "Turkish Team Championship"]
[Site "Konya TUR"]
[Date "2011.07.07"]
[EventDate "2011.06.28"]
[Round "11"]
[Result "1-0"]
[White "Anna Ushenina"]
[Black "Olga Zimina"]
[WhiteElo "2468"]
[BlackElo "2346"]
[PlyCount "93"]

1. d4 d5 2. c4 c6 3. Nf3 e6 4. Qc2 dxc4 5. Qxc4 Nf6 6. g3 b5
7. Qd3 Bb7 8. Bg2 Nbd7 9. O-O Be7 10. a4 b4 11. Nfd2 O-O
12. Nb3 Rc8 13. Bg5 h6 14. Bxf6 Bxf6 15. N1d2 Be7 16. Rfc1 Ba8
17. Ne4 c5 18. Nexc5 Nxc5 19. dxc5 Qxd3 20. exd3 Bxg2 21. Kxg2
Rfd8 22. d4 Bf6 23. Rc4 e5 24. d5 Rxd5 25. Rxb4 e4 26. Re1
Bxb2 27. Rexe4 Rd7 28. Rec4 Rdc7 29. Rb5 Ba3 30. a5 Rc6
31. Rc3 Bb2 32. Rd3 R6c7 33. a6 Ba3 34. Rc3 Rc6 35. Rd3 Bb2
36. Rd6 Be5 37. Rxc6 Rxc6 38. f4 Bc3 39. Rb6 Rc8 40. Rb7 Kh7
41. Rxa7 Bb4 42. Rxf7 Bxc5 43. a7 Bb6 44. Rb7 Be3 45. Na5 Rd8
46. Nc4 Bc5 47. Rb8 1-0

[Event "FIDE Women's World Team Championship"]
[Site "Mardin TUR"]
[Date "2011.12.18"]
[EventDate "2011.12.18"]
[Round "1"]
[Result "1-0"]
[White "Koneru Humpy"]
[Black "Anna Ushenina"]
[WhiteElo "2600"]
[BlackElo "2463"]
[PlyCount "87"]

1. d4 d5 2. c4 c6 3. Nf3 Nf6 4. e3 e6 5. Bd3 Nbd7 6. b3 c5
7. O-O Be7 8. Bb2 cxd4 9. exd4 b6 10. Nbd2 Bb7 11. Qe2 O-O
12. Rac1 Rc8 13. Rfd1 Re8 14. Ne5 Bd6 15. Nef3 Be7 16. Ne5 Bd6
17. Ndf3 Nf8 18. Qe3 dxc4 19. bxc4 h6 20. Nd2 Qe7 21. f4 Qc7
22. Rf1 Red8 23. Bb1 N8d7 24. Kh1 Qb8 25. a3 Qa8 26. Qg3 Nh5
27. Qh3 Nhf6 28. Rce1 Rc7 29. Rf2 Nf8 30. Kg1 Re7 31. Re3 N6h7
32. Rg3 Kh8 33. Qh5 Nf6 34. Qh4 Qc8 35. f5 Qc7 36. fxe6 Rxe6
37. Ndf3 Re7 38. Rf1 Rde8 39. Ng5 Bxe5 40. dxe5 N6h7 41. Qxh6
gxh6 42. e6+ f6 43. Rxf6 Kg8 44. Nf7+ 1-0

[Event "FIDE Women's World Team Championship"]
[Site "Mardin TUR"]
[Date "2011.12.19"]
[EventDate "2011.12.18"]
[Round "2"]
[Result "1/2-1/2"]
[White "Anna Ushenina"]
[Black "Nadezhda Kosintseva"]
[WhiteElo "2463"]
[BlackElo "2546"]
[PlyCount "93"]

1. d4 Nf6 2. c4 e6 3. g3 d5 4. Nf3 dxc4 5. Bg2 a6 6. O-O Nc6
7. Nc3 Rb8 8. e4 Be7 9. Qe2 b5 10. Rd1 O-O 11. d5 exd5 12. e5
d4 13. exf6 Bxf6 14. Ng5 Bxg5 15. Bxc6 d3 16. Qf3 Be6 17. Be3
Bxe3 18. Qxe3 Qf6 19. Rd2 Rfd8 20. Ne4 Qe5 21. f4 Qf5 22. Nc5
Bd5 23. Bxd5 Qxd5 24. Nxa6 Rbc8 25. Nc5 Re8 26. Qf2 Re7 27. b3
Rce8 28. bxc4 bxc4 29. Rb1 h6 30. Na4 Qa5 31. Nb2 c3 32. Rxd3
cxb2 33. Rxb2 Re1+ 34. Kg2 Qa8+ 35. Kh3 Qe4 36. Rdd2 Qf5+
37. Kg2 Qe4+ 38. Kh3 Re3 39. Rdc2 Qf5+ 40. Kg2 Qd5+ 41. Kh3 c5
42. Qf1 h5 43. f5 Rf3 44. Rxc5 Qe4 45. Qc4 Qxc4 46. Rxc4 Rxf5
47. a4 1/2-1/2